[Event "GER-ch Blitz"]
[Site "Magdeburg"]
[Date "2021.08.01"]
[Round "22"]
[White "Scheftlein, Richard"]
[Black "Barzen, Pascal"]
[Result "0-1"]
[WhiteElo "2243"]
[BlackElo "2321"]
[PlyCount "58"]
[EventDate "2021.08.01"]
[EventType "tourn (blitz)"]
[EventRounds "29"]
[EventCountry "GER"]
[EventCategory "5"]
[SourceTitle "CBM 203 Extra"]
[Source "ChessBase"]
[SourceDate "2021.09.30"]
[SourceVersion "1"]
[SourceVersionDate "2021.09.30"]
[SourceQuality "1"]

1. d4 Nf6 2. c4 e6 3. Nc3 Bb4 4. Qc2 Nc6 5. Nf3 d6 6. Bd2 0-0 7. a3 Bxc3 8. Bxc3 Qe7 9. g3 e5 10. dxe5 dxe5 11. Bg2 Bg4 12. 0-0 Rfe8 13. Rfd1 Bh5 14. b4 Bg6 15. Qb2 e4 16. Bxf6 gxf6 17. Nd4 Ne5 18. Qc3 f5 19. Rd2 Qf6 20. Rad1 f4 21. gxf4 Qxf4 22. c5 Ng4 23. Qg3 Qxg3 24. fxg3 e3 25. Ra2 Rad8 26. Raa1 Nf2 27. Bxb7 Nxd1 28. Rxd1 Re7 29. Bc6 Be4 0-1

[Event "GER-ch Blitz"]
[Site "Magdeburg"]
[Date "2021.08.01"]
[Round "7"]
[White "Scheftlein, Richard"]
[Black "Carlstedt, Jonathan"]
[Result "1/2-1/2"]
[WhiteElo "2243"]
[BlackElo "2442"]
[PlyCount "87"]
[EventDate "2021.08.01"]
[EventType "tourn (blitz)"]
[EventRounds "29"]
[EventCountry "GER"]
[EventCategory "5"]
[SourceTitle "CBM 203 Extra"]
[Source "ChessBase"]
[SourceDate "2021.09.30"]
[SourceVersion "1"]
[SourceVersionDate "2021.09.30"]
[SourceQuality "1"]

1. d4 d6 2. Nf3 g6 3. c4 Bg7 4. Nc3 Bg4 5. g3 Bxf3 6. exf3 Nc6 7. Be3 e5 8. dxe5 Nxe5 9. f4 Nc6 10. Bg2 Nge7 11. c5 dxc5 12. Bxc5 0-0 13. Bxc6 Nxc6 14. Bxf8 Qxf8 15. 0-0 Qb4 16. Nd5 Qd6 17. Ne3 Nd4 18. Nc2 Rd8 19. Nxd4 Bxd4 20. Qf3 b5 21. Rad1 c5 22. b3 a5 23. Kg2 Kg7 24. Rfe1 a4 25. h4 a3 26. h5 b4 27. hxg6 hxg6 28. Re2 Qd5 29. Qxd5 Rxd5 30. Rc2 Rd6 31. Kf3 f5 32. Re1 Kf7 33. Ree2 Bc3 34. Re3 Rd1 35. Rexc3 bxc3 36. Rxc3 Rd2 37. Rxc5 Rxa2 38. Ra5 Ra1 39. b4 Ke7 40. Ra6 a2 41. b5 Kd7 42. Kg2 Kc7 43. Kf3 Kb7 44. Kg2 1/2-1/2

[Event "GER-ch Blitz"]
[Site "Magdeburg"]
[Date "2021.08.01"]
[Round "24"]
[White "Scheftlein, Richard"]
[Black "Frischmann, Rick"]
[Result "1/2-1/2"]
[WhiteElo "2243"]
[BlackElo "2347"]
[PlyCount "68"]
[EventDate "2021.08.01"]
[EventType "tourn (blitz)"]
[EventRounds "29"]
[EventCountry "GER"]
[EventCategory "5"]
[SourceTitle "CBM 203 Extra"]
[Source "ChessBase"]
[SourceDate "2021.09.30"]
[SourceVersion "1"]
[SourceVersionDate "2021.09.30"]
[SourceQuality "1"]

1. d4 d5 2. c4 Nc6 3. Nc3 Nf6 4. Nf3 dxc4 5. Bg5 h6 6. Bh4 a6 7. d5 Na5 8. e4 c6 9. dxc6 Qxd1+ 10. Rxd1 Nxc6 11. Bxc4 Bg4 12. Nd5 Nxd5 13. Bxd5 Rc8 14. Rc1 g5 15. Bg3 Bxf3 16. gxf3 Bg7 17. Bxc6+ Rxc6 18. Rxc6 bxc6 19. b3 c5 20. h4 gxh4 21. Rxh4 Kd7 22. Rh5 Bd4 23. Bf4 Rg8 24. Rxh6 Rg1+ 25. Ke2 Rb1 26. Be3 Rb2+ 27. Kd3 Rxa2 28. Bxd4 cxd4 29. Kxd4 e6 30. Rh2 Kd6 31. Kc3 Re2 32. Kd3 Rb2 33. Kc3 Re2 34. Kd3 Rb2 1/2-1/2

[Event "GER-ch Blitz"]
[Site "Magdeburg"]
[Date "2021.08.01"]
[Round "20"]
[White "Scheftlein, Richard"]
[Black "Kopylov, Daniel"]
[Result "1-0"]
[WhiteElo "2243"]
[BlackElo "2303"]
[PlyCount "149"]
[EventDate "2021.08.01"]
[EventType "tourn (blitz)"]
[EventRounds "29"]
[EventCountry "GER"]
[EventCategory "5"]
[SourceTitle "CBM 203 Extra"]
[Source "ChessBase"]
[SourceDate "2021.09.30"]
[SourceVersion "1"]
[SourceVersionDate "2021.09.30"]
[SourceQuality "1"]

1. d4 Nf6 2. c4 g6 3. Nc3 d5 4. Nf3 Bg7 5. Bg5 Ne4 6. cxd5 Nxg5 7. Nxg5 e6 8. Nf3 exd5 9. e3 c6 10. Bd3 0-0 11. 0-0 a5 12. a3 Qd6 13. e4 dxe4 14. Nxe4 Qc7 15. h3 Bf5 16. Rc1 Nd7 17. Nc5 Bxd3 18. Qxd3 Rad8 19. b4 Qb6 20. Qc4 axb4 21. axb4 Nf6 22. Ne5 Qb5 23. Qxb5 cxb5 24. Rfd1 Rd5 25. Nxb7 Rb8 26. Nc5 Rbd8 27. Nf3 Ne4 28. Nxe4 Bxd4 29. Nxd4 Rxd4 30. Rxd4 Rxd4 31. Nc3 Rxb4 32. Rb1 Rc4 33. Nxb5 h5 34. Nd6 Rc6 35. Ne4 Kg7 36. g3 Rc4 37. Re1 Rc7 38. h4 Re7 39. Kf1 Ra7 40. Ng5 Rb7 41. Re4 Ra7 42. Rf4 f6 43. Ne4 f5 44. Ng5 Ra6 45. Rf3 Kf6 46. Re3 f4 47. Rc3 fxg3 48. fxg3 Kf5 49. Kg2 Kg4 50. Rc4+ Kf5 51. Rf4+ Ke5 52. Rf8 Ra2+ 53. Kh3 Ra6 54. Nf3+ Ke4 55. Ne1 Ra1 56. Nc2 Rh1+ 57. Kg2 Rd1 58. Nb4 Rd2+ 59. Kh3 Rd1 60. Nc6 Rd6 61. Ne7 Re6 62. Ng8 Ke5 63. Kg2 Rb6 64. Ne7 Re6 65. Nc8 Rc6 66. Na7 Rc2+ 67. Kh3 Rc7 68. Nb5 Rc5 69. Na7 Rc7 70. Nc8 Rd7 71. Nb6 Rb7 72. Nc4+ Kd4 73. Nd2 Rb6 74. Re8 Kd3 75. Nf3 1-0

[Event "GER-ch Blitz"]
[Site "Magdeburg"]
[Date "2021.08.01"]
[Round "16"]
[White "Scheftlein, Richard"]
[Black "Lentrodt, Thomas"]
[Result "1-0"]
[WhiteElo "2243"]
[BlackElo "2243"]
[PlyCount "157"]
[EventDate "2021.08.01"]
[EventType "tourn (blitz)"]
[EventRounds "29"]
[EventCountry "GER"]
[EventCategory "5"]
[SourceTitle "CBM 203 Extra"]
[Source "ChessBase"]
[SourceDate "2021.09.30"]
[SourceVersion "1"]
[SourceVersionDate "2021.09.30"]
[SourceQuality "1"]

1. d4 d5 2. c4 c6 3. Nf3 Nf6 4. e3 e6 5. b3 Nbd7 6. Bd3 Bd6 7. Bb2 Qc7 8. Nbd2 e5 9. cxd5 Nxd5 10. Nc4 Bb4+ 11. Ke2 exd4 12. Bxd4 Nc3+ 13. Bxc3 Bxc3 14. Rc1 Bf6 15. Bf5 0-0 16. Qd6 Qxd6 17. Nxd6 Nb6 18. Bxc8 Nxc8 19. Nxb7 Ne7 20. Na5 Rfc8 21. Rc2 Nd5 22. Rhc1 Nb4 23. Rd2 c5 24. Nc4 Rab8 25. Nfe5 Bxe5 26. Nxe5 Rb7 27. Rxc5 Re8 28. Nd3 Na6 29. Rc6 Nb8 30. Rc4 Nd7 31. Rdc2 g6 32. Rc7 Reb8 33. g4 Nf6 34. h3 g5 35. R2c6 Kg7 36. Ne5 Nd5 37. Rxb7 Rxb7 38. Nf3 Nb4 39. Rc5 Nxa2 40. Rxg5+ Kf6 41. Rf5+ Kg7 42. Nd4 Nc1+ 43. Kf3 Nxb3 44. Nxb3 Rxb3 45. Ra5 Rb7 46. Ra6 Re7 47. Kf4 f6 48. e4 Kf7 49. h4 h6 50. h5 Kg7 51. f3 Kf7 52. Kg3 Rb7 53. Kf2 Kg7 54. Ke3 Kf7 55. Kd4 Rd7+ 56. Ke3 Rb7 57. Kf4 Rc7 58. Rd6 Rb7 59. Rd8 Re7 60. Rh8 Kg7 61. Ra8 Rb7 62. Kg3 Rc7 63. f4 Rc3+ 64. Kh4 Rc7 65. e5 fxe5 66. fxe5 Re7 67. Kg3 Rxe5 68. Rxa7+ Kg8 69. Kf4 Rc5 70. Re7 Rb5 71. Re5 Rb6 72. Kf5 Kg7 73. Re7+ Kg8 74. Re6 Rxe6 75. Kxe6 Kg7 76. Ke7 Kh8 77. Kf8 Kh7 78. Kf7 Kh8 79. Kg6 1-0

[Event "GER-ch Blitz"]
[Site "Magdeburg"]
[Date "2021.08.01"]
[Round "26"]
[White "Scheftlein, Richard"]
[Black "Pajeken, Jakob Leon"]
[Result "0-1"]
[WhiteElo "2243"]
[BlackElo "2357"]
[PlyCount "88"]
[EventDate "2021.08.01"]
[EventType "tourn (blitz)"]
[EventRounds "29"]
[EventCountry "GER"]
[EventCategory "5"]
[SourceTitle "CBM 203 Extra"]
[Source "ChessBase"]
[SourceDate "2021.09.30"]
[SourceVersion "1"]
[SourceVersionDate "2021.09.30"]
[SourceQuality "1"]

1. d4 d5 2. c4 dxc4 3. e3 Nf6 4. Bxc4 e6 5. Nf3 c5 6. 0-0 Nc6 7. Qe2 a6 8. Rd1 b5 9. Bb3 c4 10. Bc2 Nb4 11. b3 Nxc2 12. Qxc2 cxb3 13. Qxb3 Bb7 14. Ba3 Bd5 15. Qd3 Bxa3 16. Qxa3 Qe7 17. Qxe7+ Kxe7 18. Nbd2 Rhc8 19. a3 a5 20. Ne5 Nd7 21. Nxd7 Kxd7 22. e4 Bc4 23. Rdc1 f5 24. f3 Rc7 25. Kf2 Rac8 26. Ke3 Kd6 27. Rc3 b4 28. axb4 axb4 29. Nxc4+ Rxc4 30. Ra6+ R4c6 31. Raxc6+ Rxc6 32. Rb3 fxe4 33. fxe4 Rb6 34. Kd3 e5 35. Kc4 exd4 36. Kxd4 Ke6 37. g4 g5 38. h3 h6 39. Kc5 Rb8 40. Rxb4 Rxb4 41. Kxb4 Ke5 42. Kc5 Kxe4 43. Kd6 Kf4 44. Ke6 Kg3 0-1

[Event "GER-ch Blitz"]
[Site "Magdeburg"]
[Date "2021.08.01"]
[Round "17"]
[White "Stein, Robert"]
[Black "Scheftlein, Richard"]
[Result "1-0"]
[WhiteElo "2344"]
[BlackElo "2243"]
[PlyCount "119"]
[EventDate "2021.08.01"]
[EventType "tourn (blitz)"]
[EventRounds "29"]
[EventCountry "GER"]
[EventCategory "5"]
[SourceTitle "CBM 203 Extra"]
[Source "ChessBase"]
[SourceDate "2021.09.30"]
[SourceVersion "1"]
[SourceVersionDate "2021.09.30"]
[SourceQuality "1"]

1. d4 Nf6 2. c4 e6 3. g3 d5 4. Nf3 Be7 5. Bg2 0-0 6. 0-0 dxc4 7. Qc2 a6 8. a4 Bd7 9. Qxc4 Bc6 10. Bf4 Bd6 11. Qc1 Nbd7 12. Nc3 Qe7 13. Rd1 Rac8 14. Bg5 h6 15. Bxf6 Nxf6 16. Qc2 Bxf3 17. Bxf3 c5 18. d5 exd5 19. Nxd5 Nxd5 20. Bxd5 Be5 21. e3 b5 22. axb5 axb5 23. Ra6 Rfd8 24. Rb6 Rb8 25. Ra6 c4 26. Rd2 Qc5 27. Rc6 Qe7 28. Qe4 Bf6 29. Qxe7 Bxe7 30. Rc7 Kf8 31. e4 Rbc8 32. Rb7 Rb8 33. Ra7 Rb6 34. Rc2 Rf6 35. Rb7 b4 36. Rxc4 Bd6 37. Rc6 g5 38. b3 Kg7 39. Rbb6 Be7 40. Rxf6 Bxf6 41. Rxb4 Rc8 42. Rb7 Rc2 43. Rxf7+ Kg6 44. Kg2 Bd4 45. Rf3 Rb2 46. h3 Kg7 47. Kf1 Kg6 48. Ke1 Kg7 49. Rf5 Kg6 50. h4 gxh4 51. gxh4 Kg7 52. h5 Bb6 53. f4 Be3 54. Rf7+ Kh8 55. e5 Rf2 56. f5 Rf4 57. e6 Bc5 58. e7 Bxe7 59. Rxe7 Rxf5 60. Bf7 1-0